000 01374nam0a2200373 4500
001 RU\NLR\bibl\267778
005 20260405132946.0
010 _a5-224-03218-0
_bВ пер.
_95000
021 _aRU
_b2001-65620
_93194
035 _a(NLR Aleph) 000263344
090 _a1538679
_c1538679
100 _a20020517d2002 |||y0rusy50 ca
101 1 _arus
_cger
102 _aRU
105 _aa |||||||||
200 1 _aПризрак ночного дракона
_e[Повести
_eДля детей
_eПер. с нем.]
_fТомас Брецина
210 _aМ.
_cОЛМА-пресс
_d2002
215 _a187, [2] с.
_cил.
_d21
225 1 _aКоманда кникербокеров
225 1 _aTeen-детектив
327 1 _aСодерж.: Призрак ночного дракона; Когда часы на башне бьют 13
610 0 _aДетективные романы и рассказы (д. л.)
675 _a821.112.2-93Брецина
_v3
_zrus
686 _a17.82.93
_2rugasnti
686 _a84(4Гем)-44
_2rubbk
686 _aШ9(4Ф)62-4
700 1 _4070
_8rus
_7ca
_aБрецина
_bТ.
_gТомас
_f1963-
_3RU\NLR\auth\7753708
_936640
801 0 _aRU
_bRKP
_c20020517
_gPSBO
801 1 _aRU
_bRKP
_c20020517
801 2 _aRU
_bNLR
_c20081105
_grcr
942 _cBOOK
980 _aNB